El comunismo en la américa hispana

Збережено в:
Бібліографічні деталі
Автор: J. F. C (Автор)
Формат: Книга
Мова:Іспанська
Опубліковано: Madrid Diana 1961
Серія:Empresas Políticas, 2
Предмети:
Теги: Додати тег
Немає тегів, Будьте першим, хто поставить тег для цього запису!

MARC

LEADER 00000nam a2200000 a 4500
001 UCL1029
003 CL-VaPUC
008 030829e19610000SP |||||||||||||||||spa|d
082 0 4 |a 320.532  |b JFC  |2 21 
100 0 |a J. F. C  |e author  |9 477806 
245 1 3 |a El comunismo en la américa hispana 
300 |a 169 p 
942 |c BK 
945 |d 20030829 00:00:00  |a rbrito 
260 |a Madrid  |b Diana  |c 1961 
650 0 |a Comunismo  |9 255588 
650 7 |a MARXISMO  |2 CL-VaPUC  |9 477807 
651 0 |a América Latina   |9 255027 
583 |a last modification  |c 20030829 00:00:00  |k Rodrigo Vera 
490 0 |a Empresas Políticas, 2 
999 |c 304715  |d 304713 
952 |0 0  |1 2  |4 0  |6 320_532000000000000_JFC_1961  |7 0  |8 A  |9 367389  |a BIBTEO  |b BIBTEO  |d 2019-11-21  |i 2071487  |o 320.532 JFC 1961  |p 2071487  |r 2019-11-21  |w 2019-11-21  |y BK  |k ICR